<?xml version="1.0" encoding="UTF-8"?>
<record
    xmlns:xsi="http://www.w3.org/2001/XMLSchema-instance"
    xsi:schemaLocation="http://www.loc.gov/MARC21/slim http://www.loc.gov/standards/marcxml/schema/MARC21slim.xsd"
    xmlns="http://www.loc.gov/MARC21/slim">

  <leader>02120nam a22002537i 4500</leader>
  <controlfield tag="001">IT\ICCU\UBO\3248861</controlfield>
  <controlfield tag="003">ItRI</controlfield>
  <controlfield tag="005">20260428192034.0</controlfield>
  <controlfield tag="008">070713s2007    it ||||||    ||||| |||||c</controlfield>
  <datafield tag="020" ind1=" " ind2=" ">
    <subfield code="a">9788848603577</subfield>
  </datafield>
  <datafield tag="040" ind1=" " ind2=" ">
    <subfield code="b">ita</subfield>
    <subfield code="c">Arcigay Viterbo</subfield>
  </datafield>
  <datafield tag="041" ind1=" " ind2="7">
    <subfield code="a">ita</subfield>
    <subfield code="2">ISO-639-2</subfield>
  </datafield>
  <datafield tag="082" ind1=" " ind2=" ">
    <subfield code="a">853.92</subfield>
    <subfield code="2">21</subfield>
  </datafield>
  <datafield tag="100" ind1="1" ind2=" ">
    <subfield code="a">Veltroni, Walter</subfield>
    <subfield code="0">IT\ICCU\CFIV\115592</subfield>
    <subfield code="4">aut</subfield>
  </datafield>
  <datafield tag="240" ind1="1" ind2="3">
    <subfield code="a">La scoperta dell'alba</subfield>
    <subfield code="9">Veltroni, Walter</subfield>
  </datafield>
  <datafield tag="245" ind1="1" ind2="3">
    <subfield code="a">La scoperta dell'alba /</subfield>
    <subfield code="c">Walter Veltroni.</subfield>
  </datafield>
  <datafield tag="260" ind1=" " ind2=" ">
    <subfield code="a">Milano :</subfield>
    <subfield code="b">Rizzoli,</subfield>
    <subfield code="c">2007</subfield>
  </datafield>
  <datafield tag="300" ind1=" " ind2=" ">
    <subfield code="a">150 p. ;</subfield>
    <subfield code="c">19 cm</subfield>
  </datafield>
  <datafield tag="520" ind1=" " ind2=" ">
    <subfield code="a">Giovanni Astengo, poco pi&#xF9; di quarant'anni, lavora all'Archivio di Stato, dove cataloga le vite quotidiane eppure straordinarie racchiuse nei diari di persone come tante. Ha una moglie in carriera e due figli amatissimi: Lorenzo, ventenne entusiasta e generoso, e la dolce Stella, una bambina down. E c'&#xE8; una ferita non rimarginata nel suo passato: una domenica mattina, quando lui aveva tredici anni, suo padre &#xE8; scomparso per sempre, senza un perch&#xE9;. In un'alba d'agosto, un'alba semplice, banale, senza guizzi n&#xE9; significati, Giovanni prova l'impulso di tornare nel casale di campagna della sua famiglia, il luogo della felicit&#xE0; perduta, abbandonato da decenni. Dentro c'&#xE8; un telefono di bachelite. Quel vecchio oggetto dimenticato diventa lo strumento grazie al quale Giovanni riesce ad aprire un varco nella barriera del tempo per fare luce sul mistero che ha segnato la sua esistenza. Il primo romanzo di Walter Veltroni racconta la forza e lo strazio dei sentimenti; &#xE8; un'imprevedibile indagine, un viaggio nella trama dei nostri giorni, intrecciata con le notizie che filtrano dai giornali e dalla televisione, e una dolorosa immersione nella storia insanguinata degli anni di piombo; &#xE8; un'appassionata dichiarazione d'amore e di fede nel potere unico della letteratura e dell'invenzione fantastica: il potere di svelare il senso nascosto delle cose, e di regalarci un'impossibile consolazione.</subfield>
  </datafield>
  <datafield tag="830" ind1=" " ind2="0">
    <subfield code="a">Libri oro ;</subfield>
    <subfield code="v">23</subfield>
    <subfield code="0">IT\ICCU\MOD\0949859</subfield>
  </datafield>
  <datafield tag="942" ind1=" " ind2=" ">
    <subfield code="2">ddc</subfield>
    <subfield code="c">BK</subfield>
    <subfield code="n">0</subfield>
  </datafield>
  <datafield tag="981" ind1=" " ind2="1">
    <subfield code="6">z01</subfield>
    <subfield code="a">i </subfield>
    <subfield code="b">xxxe  </subfield>
  </datafield>
  <datafield tag="982" ind1=" " ind2="1">
    <subfield code="6">z01</subfield>
    <subfield code="a">n</subfield>
  </datafield>
  <datafield tag="999" ind1=" " ind2=" ">
    <subfield code="c">28955</subfield>
    <subfield code="d">28955</subfield>
  </datafield>
  <datafield tag="952" ind1=" " ind2=" ">
    <subfield code="0">0</subfield>
    <subfield code="1">0</subfield>
    <subfield code="2">ddc</subfield>
    <subfield code="4">0</subfield>
    <subfield code="7">0</subfield>
    <subfield code="a">VT</subfield>
    <subfield code="b">VT</subfield>
    <subfield code="d">2026-04-28</subfield>
    <subfield code="e">Dono di Luca Bonomi</subfield>
    <subfield code="i">B603</subfield>
    <subfield code="l">0</subfield>
    <subfield code="o">853.92 VEL SCO</subfield>
    <subfield code="p">B603</subfield>
    <subfield code="r">2026-04-28 19:21:00</subfield>
    <subfield code="w">2026-04-28</subfield>
    <subfield code="y">BK</subfield>
    <subfield code="z">Dono di Luca Bonomi</subfield>
  </datafield>
</record>
